000 00858naa a22002657u 4500
001 08147
003 HDC
007 cr bn ---aaaaa
008 210129s2006 flu eng
040 _aHDC
245 0 _aFLAVOR CHEMISTRY and TECHNOLOGY :
_bFlavor Legislation and Religious Dietary Rules
250 _aSecond edition
260 _aBoca Raton :
_bTaylor & Francis,
_c2006
300 _a13 pages
336 _atext
_2rdacontent
337 _acomputer
_2rdamedia
338 _aonline resource
_2rdacarrier
500 _aOriginal from book
650 _aFlavor
_95410
650 _aFlavoring essences
_95411
856 _zRequest full-text at [email protected]
942 _2lcc
942 _cCHAP
942 _kEBCH 000790
999 _c5470
_d5470